[Event "SVR-op 34th"]
[Site "Reil"]
[Date "2011.04.21"]
[Round "4"]
[White "Mueller, Maurice"]
[Black "Engel, Hans Peter"]
[Result "1-0"]
[WhiteElo "1620"]
[BlackElo "1414"]
[PlyCount "73"]
[EventDate "2011.04.16"]
[EventType "swiss"]
[EventRounds "7"]
[EventCountry "GER"]
[SourceTitle "EXT 2013"]
[Source "ChessBase"]
[SourceDate "2012.11.22"]
[SourceVersion "1"]
[SourceVersionDate "2012.11.22"]
[SourceQuality "1"]

1. d4 Nf6 2. Bf4 g6 3. e3 Bg7 4. Nf3 d6 5. Bd3 0-0 6. Nbd2 c6 7. c3 h6 8. Qb3 Nh5 9. Bg3 Nxg3 10. hxg3 d5 11. Nh4 Qd6 12. 0-0-0 Qf6 13. f4 b6 14. Rde1 Bg4 15. e4 e6 16. e5 Qd8 17. Be2 Bxe2 18. Rxe2 Nd7 19. Nhf3 c5 20. g4 c4 21. Qc2 Nc5 22. dxc5 bxc5 23. g3 Qa5 24. a3 Rab8 25. Nb1 Rfd8 26. Rd1 Qc7 27. Rdd2 Qc6 28. Rf2 Rd7 29. Qd1 Rbd8 30. Rh2 d4 31. cxd4 cxd4 32. Rxd4 Rxd4 33. Nxd4 Qe4 34. Rd2 Rd5 35. Nc3 Qe3 36. Nxd5 exd5 37. Qf3 1-0

[Event "SVR-op 34th"]
[Site "Reil"]
[Date "2011.04.16"]
[Round "2"]
[White "Mueller, Maurice"]
[Black "Konstantinovskij, Dimitrij"]
[Result "0-1"]
[WhiteElo "1620"]
[BlackElo "2002"]
[PlyCount "126"]
[EventDate "2011.04.16"]
[EventType "swiss"]
[EventRounds "7"]
[EventCountry "GER"]
[SourceTitle "EXT 2013"]
[Source "ChessBase"]
[SourceDate "2012.11.22"]
[SourceVersion "1"]
[SourceVersionDate "2012.11.22"]
[SourceQuality "1"]

1. d4 e6 2. Bf4 Nf6 3. e3 d5 4. Nf3 c5 5. c3 Be7 6. Bd3 0-0 7. 0-0 b6 8. Nbd2 Bb7 9. Rc1 Nbd7 10. Ne5 a6 11. Ndf3 b5 12. Qe2 Nb6 13. b3 Rc8 14. Rfd1 Bd6 15. h3 Qe7 16. Bg5 Qd8 17. Bh4 Be7 18. Bg3 Qe8 19. Bh4 Ne4 20. Bxe7 Qxe7 21. Qb2 f6 22. Ng4 c4 23. bxc4 Nxc4 24. Bxc4 Rxc4 25. Nd2 Nxd2 26. Rxd2 Rfc8 27. Rdc2 Qc7 28. a3 Bc6 29. Nh2 Be8 30. Nf3 Bg6 31. Rd2 Rxc3 32. Rxc3 Qxc3 33. Qxc3 Rxc3 34. Ra2 Rc4 35. Nd2 Rc1+ 36. Kh2 Rc2 37. Rxc2 Bxc2 38. Kg3 a5 39. Kf4 b4 40. axb4 axb4 41. g3 b3 42. Nxb3 Bxb3 43. h4 Kf7 44. Kf3 e5 45. Ke2 Ke6 46. g4 h6 47. f4 Bc2 48. Kf3 h5 49. gxh5 Bd1+ 50. Kg3 exd4 51. exd4 Kf5 52. h6 gxh6 53. Kf2 Kxf4 54. h5 Ke4 55. Ke1 Bxh5 56. Kd2 Kxd4 57. Ke1 Ke3 58. Kf1 Bf3 59. Kg1 d4 60. Kh2 Kf2 61. Kh3 d3 62. Kh4 d2 63. Kh3 d1R 0-1

[Event "SVR-op 34th"]
[Site "Reil"]
[Date "2011.04.16"]
[Round "1"]
[White "Wohde, Guenter"]
[Black "Mueller, Maurice"]
[Result "0-1"]
[WhiteElo "1122"]
[BlackElo "1620"]
[PlyCount "100"]
[EventDate "2011.04.16"]
[EventType "swiss"]
[EventRounds "7"]
[EventCountry "GER"]
[SourceTitle "EXT 2013"]
[Source "ChessBase"]
[SourceDate "2012.11.22"]
[SourceVersion "1"]
[SourceVersionDate "2012.11.22"]
[SourceQuality "1"]

1. c4 e6 2. Nc3 Nf6 3. g3 d5 4. cxd5 exd5 5. e3 c6 6. Bh3 Bd6 7. Bxc8 Qxc8 8. Nf3 Nbd7 9. Nd4 Ne5 10. 0-0 Qh3 11. f3 h5 12. Qe2 Ng6 13. Qg2 Qxg2+ 14. Kxg2 Ne7 15. Re1 0-0-0 16. h4 Rhg8 17. f4 g6 18. Nf3 Rde8 19. d4 Nf5 20. Ne5 Bxe5 21. dxe5 Nd7 22. Kf2 f6 23. e4 dxe4 24. Nxe4 fxe5 25. fxe5 Nxe5 26. Kf1 Nf3 27. Re2 N3d4 28. Bf4 Nxe2 29. Nf6 Nxf4 30. gxf4 Rgf8 31. Nxe8 Rxe8 32. Kf2 Nxh4 33. Rg1 Re6 34. b3 Kd7 35. Kg3 Nf5+ 36. Kf3 Nd4+ 37. Kg2 Ke7 38. Kf2 Kf6 39. Rd1 Nb5 40. Rd8 Re7 41. Rf8+ Rf7 42. Rd8 Kf5 43. Kf3 Nc3 44. Re8 Nd5 45. Re5+ Kf6 46. a3 Kg7 47. b4 Rxf4+ 48. Kg3 Rd4 49. Kg2 Rd3 50. b5 cxb5 0-1

[Event "GER-chT WK U18 4th"]
[Site "Kiel"]
[Date "2008.05.31"]
[Round "1.1"]
[White "Mueller, Maurice"]
[Black "Aberle, Breno"]
[Result "1-0"]
[WhiteElo "1390"]
[BlackElo "1265"]
[PlyCount "57"]
[EventDate "2008.05.31"]
[EventType "team-swiss"]
[EventRounds "7"]
[EventCountry "GER"]
[SourceTitle "EXT 2010"]
[Source "ChessBase"]
[SourceDate "2010.11.25"]
[SourceVersion "1"]
[SourceVersionDate "2010.11.25"]
[SourceQuality "1"]

1. d4 d5 2. Nc3 e6 3. Bf4 c5 4. dxc5 Bxc5 5. e3 Nc6 6. Bb5 Bd7 7. Nge2 h6 8. 0-0 Nf6 9. a3 a6 10. Bd3 0-0 11. Ng3 b5 12. Nh5 Nxh5 13. Qxh5 Qf6 14. h4 Rfd8 15. g4 Bf8 16. g5 g6 17. gxf6 gxh5 18. Be2 Kh7 19. Bxh5 Kg8 20. Kh2 Be8 21. Rg1+ Kh7 22. Rg2 e5 23. Bg3 Rd6 24. Rd1 Rad8 25. Bf3 Rxf6 26. Bxd5 Ne7 27. Be4+ Kg8 28. Rxd8 Rc6 29. Bxe5+ 1-0

[Event "GER-chT WK U18 4th"]
[Site "Kiel"]
[Date "2008.05.31"]
[Round "3.1"]
[White "Mueller, Maurice"]
[Black "Saar, Christian"]
[Result "1-0"]
[WhiteElo "1390"]
[BlackElo "1173"]
[PlyCount "33"]
[EventDate "2008.05.31"]
[EventType "team-swiss"]
[EventRounds "7"]
[EventCountry "GER"]
[SourceTitle "EXT 2010"]
[Source "ChessBase"]
[SourceDate "2010.11.25"]
[SourceVersion "1"]
[SourceVersionDate "2010.11.25"]
[SourceQuality "1"]

1. d4 e6 2. Bf4 d5 3. c4 Nf6 4. cxd5 Nxd5 5. Bd2 c5 6. e4 Nf6 7. dxc5 Bxc5 8. Nc3 Nc6 9. Nf3 Qb6 10. Na4 Bxf2+ 11. Ke2 Nd4+ 12. Kxf2 Nxe4+ 13. Ke3 Nxf3+ 14. Nxb6 axb6 15. Bb5+ Kf8 16. Bb4+ Nc5 17. Qd8# 1-0